000 00498nam a2200121Ia 4500
008 160712s9999 xx 000 0 und d
100 _aBonnin, Christine .
245 _cChristine Bonnin,
_aLivelihood Vulnerability and Food Security among Upland Ethnic Minorities in Northern Vietnam
260 _c2011
_bKasarinlan Philippine Journal of Third World Studies
300 _avol. 26 no. 1-2
650 _xINDEPENDENCE
856 _uhttp://journals.upd.edu.ph/index.php/kasarinlan/issue/view/331/showToc
999 _c297612
_d297612